000 00383nam a2200169Ia 4500
008 230524s9999 xx 000 0 und d
020 _a0074632205
082 _a4.68
_bKEI
100 _aGerd E.Keiser
245 0 _aLocal Area Networks
250 _a1ST
260 _aNEW DELHI
_bTMH
_c2001
300 _a420
500 _aQuantity Number: 2
650 _aComp-Sc
942 _cBK
999 _c15612
_d15612